000 00305nam a22001337a 4500
008 180820b xxu||||| |||| 00| 0 eng d
020 _a9780195070118
041 _aeng
080 _a541
100 _a12
101 _aKIM
245 _aENVIROMENTAL CHEMISTRY OF SOILS
_cMCBRIDE.M.B
942 _2udc
_cBK
999 _c47231
_d47231